000 00594nam a2200229 i 4500
001 C2-0074029
003 PPAK
005 20180727080448.0
008 970429s1987 enka|||| ||||| | eng d
040 _aPPAK
_beng
_cPPAK
_erda
082 0 4 _a745.54
_223
090 0 0 _a745.54
_bKHA
_dR
100 1 _aKhan, Arona,
_eauthor
245 1 0 _aWrap it up
264 1 _aLondon :
_bWard Lock ,
_c1987
300 _a80 pages :
_billustrations ;
_c21 cm
336 _2rdacontent
_atext
337 _2rdamedia
_aunmediated
338 _2rdacarrier
_avolume
650 1 0 _aGift wrapping.
942 _ddc
_cB
999 _c10380
_d10380